MARC

LEADER 00000nam0a2200000 4500
001 26756
005 20231030201758.0
010 |a 588630150X 
035 |a (RuTPU)RU\TPU\book\27000 
035 |a BOOK00027075 
090 |a 26756 
100 |a 20011209d2000 m y0rusy50 ca 
101 0 |a rus 
102 |a RU 
105 |a a j 000|y 
200 1 |a Неисчерпаемый шестиугольник  |h Ч. 2  |e учебно-развлекательное пособие  |e В 2-х ч.  |f Г. П. Бурцев 
210 |a Томск  |c Пеленг  |d 2000 
215 |a 76-148 с.  |c ил. 
610 1 |a геометрия 
610 1 |a многоугольники 
610 1 |a шестиугольники 
610 1 |a моделирование 
610 1 |a конструирование 
610 1 |a черчение 
610 1 |a шаблоны 
610 1 |a досуг 
610 1 |a развлечения 
610 1 |a учебные пособия 
675 |a 514.11(07)  |v 3 
675 |a 744(07)  |v 3 
700 1 |a Бурцев  |b Г. П.  |c российский художник  |c выпускник ФТФ ТПИ 1960  |f 1936-  |g Геннадий Павлович  |2 stltpush  |3 (RuTPU)RU\TPU\pers\7948 
801 0 |a RU  |b 63413507  |c 20011209  |g PSBO 
801 2 |a RU  |b 63413507  |c 20161017  |g PSBO 
942 |c BK